00526 2200193 4500001002100000005001700021006001900038008004100057020001800098035002500116041000700141082001000148090001600158100003300174245005300207250001100260260003700271300002400308INLIS00000000000014620140226152749.0a ||| | 180719| ||| | id  a979-3465-03-4 a0010-031300000000146 aid0 a321.9 a321.9 AZR d0 aProf. Dr. Azyumardi Azra, MA00aDemokrasi, hak asasi manusia & masyarakat madani aRevisi aHoboken, NJbPustaka Timurc2003 axxi, 352 hal, 26 cm